LEADER 00947nam0 22002531i 450 001 RML0237059 005 20231121125703.0 100 $a20121121d1993 ||||0itac50 ba 101 | $aita 102 $ait 181 1$6z01$ai $bxxxe 182 1$6z01$an 200 1 $aPolitica ed economia in agricoltura$eUn'analisi metodologica delle scelte$fFrancesco Lechi 210 $aMilano $cEtas Libri $d1993 215 $avii,140 p.$d24 cm 700 1$aLECHI$b, Francesco$3RMLV151396$071326 801 3$aIT$bIT-01$c20121121 850 $aIT-FR0098 899 $aBiblioteca Area Giuridico Economica$bFR0098 912 $aRML0237059 950 0$aBiblioteca Area Giuridico Economica$d 53TER 338.1/178$e 53VM 0000057765 VM barcode:ECO002349. - Inventario:2272. - Fondo:Sala consultazioneVM$fA $h19951024$i20121204 977 $a 53 996 $aPolitica ed economia in agricoltura$9665258 997 $aUNICAS